|
|
|
|
| LEADER |
00000nam a22000007a 4500 |
| 005 |
20210203235710.0 |
| 007 |
cr|||| |||| |
| 008 |
210204s2020 es |||||s|||| 00||0 spa d |
| 020 |
|
|
|a 978-84-1377-121-2
|
| 035 |
|
|
|a 32947
|
| 040 |
|
|
|a vLex
|
| 090 |
|
|
|c 11087
|d 11087
|
| 100 |
1 |
|
|a Ramr̕ez, Jess︢ Martn̕
|
| 245 |
1 |
2 |
|a La violencia en la familia
|h [Recurso electrn̤ico] /
|c Jess︢ Martn̕ Ramr̕ez, Valentn̕ Martn̕ez-Otero Přez
|
| 256 |
|
|
|a Servicio en ln̕ea
|
| 260 |
|
|
|a Madrid:
|b Dykinson,
|c 2020
|
| 300 |
|
|
|a 1 recurso electrn̤ico
|
| 500 |
|
|
|a La Violencia en la Familia es una obra colectiva, surgida por iniciativa del Grupo Complutense de Investigacin̤: “Psicosociobiologa̕ de la Violencia: Educacin̤ y Prevencin̤”, junto con la Fundacin̤ CICA International, con apoyo del Vicerrectorado de Investigacin̤ y Transferencia de la Universidad Complutense de Madrid. Este libro inaugura una serie de carc̀ter cientf̕ico y humans̕tico de alcance internacional que reunir ̀obras de naturaleza dual, a un tiempo libros y revistas especializados, en que se combinen el rigor de la investigacin̤ con la difusin̤ de los conocimientos, buscando la orientacin̤ cultural, educativa y preventiva. Diversificada en cuatro grandes bloques temt̀icos –psicopeda-gg̤ico, neuropsicolg̤ico-terapǔtico, legal y sociopolt̕ico–, La Violencia en la Familia es fruto de la aportacin̤ interdisciplinar de una veintena de universitarios de siete pas̕es –Brasil, Colombia, Espaą, Estados Unidos, Mx̌ico, Polonia y Repb︢lica Dominicana–, procedentes principalmente de los campos de la salud, del derecho y de la educacin̤. Esta obra quiere contribuir a que se tome conciencia del problema de la violencia en la familia, destacando el principal papel que corresponde a la actuacin̤ educativa, jurd̕ica, sanitaria y sociopolt̕ica en su prevencin̤, as ̕como en el abordaje de sus consecuencias, ofreciendo una plataforma para fortalecer el compromiso con los valores y las acciones que impulsan el respeto a la dignidad de toda persona y las relaciones humanas saludables dondequiera que acontezcan, particularmente en el seno familiar, que ha de ser un m̀bito presidido por la seguridad y el afecto.
|
| 506 |
1 |
|
|a Disponible solo en los productos indicados
|d vLex Global
|d vLex Global (Academic Edition, excluding Law Schools)
|d vLex Global (U.S. Academic Edition, Law Schools)
|d vLex Global (U.S. Academic Edition, excluding Law Schools)
|d vLex Global (Academic Edition, Law Schools)
|
| 650 |
0 |
4 |
|a Familia y Sucesiones
|z Espaą
|
| 700 |
1 |
|
|a Martn̕ez-Otero Přez, Valentn̕
|
| 740 |
0 |
|
|a vLex Libros (Servicio en ln̕ea)
|
| 856 |
4 |
0 |
|u http://vlex.com/source/violencia-en-la-familia-32947
|z Acceso restringido
|
| 942 |
|
|
|c BOOK
|
| 999 |
0 |
|
|a Family and Successions
|